000 00577cam a2200217 i 4500
001 1797741
005 20171226074441.0
008 780615s1976 fr a b i000 0 eng
010 _a 78313459
015 _aF***
040 _aDLC
_cDLC
_dDLC
041 _aeng
080 _a301.31 OCD
082 0 0 _a301.31 OCD
100 _a9
101 _aMJE
245 1 0 _aLow-cost improvement of the outdoor environment of urban areas /
_cEnvironment Directorate.
504 _aBibliography: p. 23-24.
906 _a7
_bcbc
_corignew
_d3
_encip
_f19
_gy-gencatlg
942 _2ddc
_cBK
999 _c39410
_d39410